| Tag |
First Indicator |
Second Indicator |
Subfields |
| LEADER |
00000cam a2200000 4500 |
| 001 |
in00000248917 |
| 005 |
20151009090836.0 |
| 008 |
770104s1960 nyua 00000 eng |
| 010 |
|
|
|a 60012710
|
| 035 |
|
|
|a (OCoLC)02660530
|
| 035 |
|
|
|9 ABA3881AM
|
| 040 |
|
|
|a DLC
|c OHI
|d TXA
|d UtOrBLW
|
| 049 |
|
|
|a TXAM [Also in] [Sp Coll]
|c 1 [348187]
|a TXAS
|c 2 [382156]
|
| 050 |
0 |
0 |
|a HD9433.U5
|b M94
|
| 082 |
0 |
|
|a 338.1762
|
| 100 |
1 |
|
|a Fletcher, Robert H.,
|d 1885-1972.
|
| 245 |
1 |
0 |
|a Free grass to fences ;
|b the Montana cattle range story /
|c Illus. by Charles M. Russell.
|
| 264 |
|
1 |
|a New York :
|b Published for the Historical Society of Montana [by] University Publishers,
|c [1960]
|
| 264 |
|
4 |
|c [©1960]
|
| 300 |
|
|
|a 233 pages :
|b illustrations ;
|c 26 cm.
|
| 336 |
|
|
|a text
|b txt
|2 rdacontent
|
| 337 |
|
|
|a unmediated
|b n
|2 rdamedia
|
| 338 |
|
|
|a volume
|b nc
|2 rdacarrier
|
| 650 |
|
0 |
|a Cattle trade
|z Montana
|x History.
|
| 650 |
|
0 |
|a Rangelands.
|
| 650 |
|
0 |
|a Frontier and pioneer life
|z Montana.
|
| 999 |
|
|
|a MARS
|
| 999 |
f |
f |
|s 24ff5fd7-9dbe-3120-9c34-53bde9b50255
|i a315a498-f9b7-3dd0-b71a-64c6df96e382
|t 0
|
| 952 |
f |
f |
|p noncirc
|a Texas A&M University
|b College Station
|c Cushing Memorial Library & Archives
|d Cushing: Dykes (Does not check out)
|t 0
|e HD9433.U5 M94
|h Library of Congress classification
|i unmediated -- volume
|m A14851750209
|
| 952 |
f |
f |
|p ric
|a Texas A&M University
|b Rellis Campus
|c Joint Library Facility
|d Remote Storage
|t 0
|e HD9433.U5 M94
|h Library of Congress classification
|i unmediated -- volume
|m A14802721049
|
| 998 |
f |
f |
|a HD9433.U5 M94
|t 0
|l Cushing: Dykes (Does not check out)
|
| 998 |
f |
f |
|a HD9433.U5 M94
|t 0
|l Remote Storage
|